000 00603nam a2200241Ia 4500
008 170712s9999 xx 000 0 und d
020 _a9789712356476
050 _a70
050 _bC957 2010
100 _aCruz, Ceciliano-Jose
245 _aCampus Journalism :
245 _band school paper advising /
245 _cby Ceciliano-Jose Cruz.
260 _aPhilippines :
260 _bRex Bookstore,
260 _c2010
300 _a335 pages :
300 _billustrations ;
300 _c22cm.
500 _aIuncludes glossary and index.
650 _aJournalism.
650 _aTitle.
999 _c340452
_d340452